Lost - Groups of Things - Statistics

General Stats
  • This quiz has been taken 23 times
  • The average score is 16 of 29
Answer Stats
Answer % Correct
15
90%
16
90%
23
90%
4
90%
8
90%
Hugo "Hurley" Reyes
90%
Jack Shephard
90%
Kate Austen
90%
42
86%
Sayid Jarrah
81%
Sun Hwa Kwon
81%
Oceanic 815
76%
Aaron Austen
62%
Swan
57%
Miles Straume
52%
Daniel Faraday
48%
Charlotte Lewis
43%
Orchid
43%
Frank Lapidus
38%
Looking Glass
38%
Ajira 316
29%
Hydra
29%
Flame
24%
Pearl
19%
Arrow
14%
Martin Keamy
14%
Lamp Post
10%
Staff
10%
Tempest
10%
No matching quizzes found
Score Distribution
Percent of People with Each Score
Percentile by Number Answered
Your Score History
You have not taken this quiz